[Event "GAMMA Reykjavik Open 2018"]
[Site "Reykjavik"]
[Date "2018.03.10"]
[Round "5"]
[White "L'Ami, Alina"]
[Black "Stefansson, Hannes"]
[Result "1/2-1/2"]
[WhiteElo "2306"]
[BlackElo "2533"]
[Annotator "TA"]
[PlyCount "105"]
[EventType "swiss"]
[EventCountry "ISL"]
[SourceTitle "playchess.com"]
[Source "ChessBase"]
[SourceQuality "1"]

{[%evp 16,105,0,0,16,11,3,6,0,-41,-47,-47,-47,-46,-52,-50,-50,-40,-56,-199,-193,-206,-198,-205,-205,-290,-268,-346,-269,-252,-220,-226,-188,-254,-146,-241,-239,-229,-94,-93,-102,-166,-98,-97,-91,-73,-56,-60,-56,-54,-53,-60,-56,-52,-8,-7,-8,-8,-8,-44,-37,-55,-41,-66,-53,-44,-30,-29,-8,-8,-4,-8,-8,-8,-8,-8,-8,-8,-8,-8,-8,-8,-8,-8,-8,-8,-8,-8,-8,-8,-8,-8]} 1. d4 d5 2. c4 c6 3. Nf3 Nf6 4. Nc3 e6 5. Bg5 {[%cal Bc1g5,Bg5h4,Bh4g3][%mdl 32]} h6 6. Bh4 dxc4 7. e4 g5 8. Bg3 b5 9. Be2 Bg7 {D43: Semi-Slav: 5 Bg5 h6} (9... Bb7 10. e5 Nd5 11. O-O Nxc3 12. bxc3 c5 13. a4 a6 14. Qb1 h5 15. axb5 h4 16. Bxc4 hxg3 17. fxg3 cxd4 18. bxa6 {1-0 (65) Nakamura,H (2787)-Gelfand,B (2695) Moscow 2018}) 10. e5 Nh5 11. Ne4 {Black must now prevent Nd6+.} O-O $1 12. Nfxg5 Nxg3 13. hxg3 hxg5 14. Qc2 {White wants to mate with Nf6+!} f5 15. exf6 $1 Rxf6 16. Nxf6+ $146 ({Predecessor:} 16. Nxg5 Rf5 17. Nf3 {0-1 (37) Henrichs,T (2469)-Fier,A (2560) Maastricht 2011}) 16... Qxf6 17. O-O-O (17. a4 $1 $15 Nd7 18. Qh7+ (18. axb5 cxb5 19. Qe4 Nb6 $17) 18... Kf8 19. Ra3 Qxd4 20. Rf3+ Ke7 21. axb5 cxb5 22. Qg6) 17... Nd7 $19 18. Qh7+ Kf8 19. f4 Ke7 ({Not} 19... gxf4 20. Rdf1 $15) 20. Rh5 (20. Qe4 {was necessary.}) 20... gxf4 21. Rh4 Nf8 22. Qh5 Qf5 ({Stronger than} 22... fxg3 23. Rf1 $18) 23. Qf3 Bd7 24. Qa3+ (24. Rh5 $142 Qf6 25. gxf4) 24... c5 (24... Kf7 $19 25. Bh5+ Kg8) 25. dxc5 (25. Rh5 $17 Qf6 26. Rxc5) 25... Bc6 26. Bf3 Bxf3 (26... c3 $1 $19 {[%cal Rc3b2] and Black stays clearly on top.} 27. bxc3 Bxf3 28. c6+ Kf7 29. Rxf4 Bh6 30. gxf3 Bxf4+ 31. gxf4 Qxf4+ 32. Kb2 Qh2+ 33. Kb3 a5) 27. Qxf3 $17 {[#]} Rb8 $1 ({Of course not} 27... Rd8 $6 28. Qb7+ Nd7 29. c6 $11) 28. Qc6 (28. Qxf4 $17 Rc8 29. Qxf5 exf5 30. Rd5) 28... Qe5 ({Black should try} 28... Be5 $19 29. g4 Qf6) 29. Qd6+ Qxd6 30. cxd6+ Kf7 31. gxf4 Nd7 32. Rh5 a6 33. g4 Rc8 34. f5 Ne5 35. Rh7 {d7 is the strong threat.} exf5 36. gxf5 {And now d7 would win.} Kg8 37. Rh2 Rd8 38. Rd5 Kf7 39. Rh7 {next Rxe5 is good for White.} Nd3+ 40. Kb1 Rd7 41. b3 Kf6 42. a4 {The position is equal.} Nb4 43. Rd4 Nc6 44. Rg4 {Strongly threatening Rg6+.} Ne5 {[#]} 45. Rgxg7 $1 {[%mdl 512]} Rxg7 46. Rxg7 Kxg7 47. axb5 $1 axb5 {Threatens to win with ...Kf6.} 48. bxc4 bxc4 $11 {KN-KPP} 49. Kc2 Kf7 {aiming for ...Ke8.} 50. Kc3 Kf6 51. Kd4 Kxf5 {[#]} 52. d7 $1 {[%mdl 512]} Nxd7 {( -> ...Ne5)} 53. Kxc4 {Precision: White = 62%, Black = 67%.} 1/2-1/2

[Event "GAMMA Reykjavik Open 2018"]
[Site "Reykjavik"]
[Date "2018.03.12"]
[Round "5"]
[White "Doluhanova, Evgeniya"]
[Black "Perelshteyn, Eugene"]
[Result "0-1"]
[WhiteElo "2275"]
[BlackElo "2513"]
[Annotator "TA"]
[PlyCount "138"]
[EventType "swiss"]
[EventCountry "ISL"]
[SourceTitle "playchess.com"]
[Source "ChessBase"]
[SourceQuality "1"]

{[%evp 17,138,20,29,10,14,-60,-60,-60,-48,-56,-50,-110,-105,-103,-46,-76,-61,-55,-68,-79,-63,-89,-71,-81,-77,-105,-97,-80,-40,-52,-49,-49,-49,-50,-50,-52,-52,-62,-60,-62,-38,-37,-23,-50,-52,-48,-43,-50,0,-52,-45,-56,0,-70,-46,-18,0,0,2,-17,0,0,8,9,10,0,9,9,43,-52,-51,-40,0,-187,-94,-91,-78,-100,-100,-115,-115,-139,-127,-141,-150,-225,-145,-258,-243,-336,-356,-339,-353,-420,-402,-402,-393,-416,-400,-406,-395,-404,-401,-436,-460,-452,-454,-428,-437,-437,-418,-717,-679,-714,-654,-1502,-1444,-1783,-1893,-1834,-1758,-2741,-2574]} 1. e4 e5 2. Nf3 Nc6 3. Bb5 Bb4 4. c3 Ba5 5. O-O Nge7 6. d4 exd4 {C60: Ruy Lopez: Unusual Black 3rd moves and 3...g6} 7. Nxd4 (7. cxd4 d5 8. Bxc6+ Nxc6 9. exd5 Qxd5 10. Nc3 Bxc3 11. bxc3 O-O 12. Bf4 Bg4 13. Bxc7 Rac8 14. Bg3 Na5 15. Re1 Rfe8 16. Qa4 Bd7 17. Qa3 Bc6 18. Qc5 b6 19. Qxd5 Bxd5 {0-1 (65) Meier,G (2647)-Carlsen,M (2834) chess.com INT 2018}) 7... O-O 8. Bg5 f6 9. Be3 Bb6 {LiveBook: 4 Games} 10. c4 {And now c5! would win.} d6 $146 ({Predecessor:} 10... Nxd4 11. Bxd4 Bxd4 12. Qxd4 f5 13. Nc3 d6 14. Rad1 fxe4 {½-½ (33) Akkuzin,A-Ivanov,V (2041) RCCA corr 2002}) 11. h3 (11. Nxc6 $11 bxc6 12. Bxc6 $1 {[%mdl 512]} Nxc6 13. Qd5+ Rf7 14. Qxc6) 11... Nxd4 $15 12. Bxd4 Be6 13. Bxb6 axb6 14. Nd2 (14. Nc3 $15) 14... f5 $17 15. Ba4 f4 (15... fxe4 $17 16. Bb3 Ng6 17. Nxe4 Qh4) 16. Bb3 Kh8 17. Nf3 Nc6 18. Rc1 Qf6 19. Rc3 Bf7 20. Nh2 Ra5 21. Re1 Bh5 22. Qd2 Rg5 23. Bd1 Bxd1 24. Rxd1 Qg6 25. f3 h5 26. Qf2 Qf6 27. Kf1 Rc5 28. a3 Ra8 29. Kg1 Ne5 30. Qd4 Qf7 31. Rdc1 Nc6 32. Qf2 Rca5 33. Rd1 (33. Nf1 $11) 33... Ne5 $15 34. Qc2 Ra4 ({Better is} 34... g5 $15) 35. Rd5 (35. Rc1 $1 $11) 35... g6 36. Nf1 Kh7 37. Nd2 Qf6 {Black wants to play ...c6.} 38. Nb1 Qh4 39. Rd1 Qg3 40. b3 R4a5 41. Qf2 (41. a4 {keeps more tension.} Rf8 42. Qf2 g5 43. Rc2 Rf7 44. Nc3) 41... Qxf2+ (41... g5 {is interesting.} 42. Rc2 Rf8 43. a4 Rf7 44. Nc3 g4) 42. Kxf2 g5 43. b4 ({White should try} 43. a4 $14) 43... Ra4 44. Rd5 Re8 45. Rb5 $2 {[#]} (45. h4 $11 {and White is okay.}) 45... Ra7 (45... c6 $1 $19 {[%cal Rc6b5]} 46. Rxb6 Rb8) 46. Rd5 Kg6 47. Rc1 Kf7 48. Ke2 Ke6 49. Rd2 Raa8 50. Nc3 c6 ({Don't play} 50... Nxc4 51. Rd4 $15) 51. Nb1 (51. a4 $17) 51... Rh8 52. Kd1 (52. Rdd1 $17) 52... g4 $19 53. hxg4 hxg4 54. fxg4 Rag8 ({Much less strong is} 54... Nxg4 55. Kc2 $19) 55. c5 dxc5 56. bxc5 Rh1+ 57. Kc2 Rxc1+ 58. Kxc1 bxc5 {[%mdl 4096] Endgame KRN-KRN} 59. Nc3 Nc4 60. Rc2 Nxa3 61. Rf2 Ke5 62. Na4 c4 {[%cal Bc5c4,Bc4c3][%mdl 32]} 63. Nb6 c3 64. Nd7+ (64. Na4 $142) 64... Kd6 {Black is clearly winning.} 65. Nf6 Rh8 {( -> ...Rh1+)} 66. Nh5 b5 {[%cal Bb7b5,Bb5b4,Bb4b3][%mdl 32]} 67. Rxf4 b4 68. Rf3 Nb5 69. Rf4 b3 {Precision: White = 33%, Black = 63%.} 0-1

[Event "GAMMA Reykjavik Open 2018"]
[Site "Reykjavik"]
[Date "2018.03.11"]
[Round "5"]
[White "Ragnarsson, Dagur"]
[Black "Eljanov, Pavel"]
[Result "0-1"]
[WhiteElo "2236"]
[BlackElo "2713"]
[Annotator "TA"]
[PlyCount "82"]
[EventType "swiss"]
[EventCountry "ISL"]
[SourceTitle "playchess.com"]
[Source "ChessBase"]
[SourceQuality "1"]

{[%evp 18,82,0,-36,-25,-10,-15,-31,-34,-87,-2,-3,18,0,8,0,-5,-8,-16,-14,26,30,117,108,110,99,110,118,125,106,116,112,137,74,72,-63,-48,-137,-131,-269,-290,-383,-394,-446,-377,-371,-304,-656,-597,-622,-608,-599,-506,-757,-738,-708,-689,-12839,-12839,-12839,-12840,-12838,-12835,-29979,-29980,-29993,-29994]} 1. e4 c6 2. Nc3 d5 3. Nf3 Nf6 4. e5 Ne4 5. Ne2 Qb6 6. d4 {B11: Caro-Kann: Two Knights Variation} e6 7. Nfg1 (7. g3 c5 8. Bg2 Bd7 9. O-O Bb5 10. Re1 Nc6 11. c3 Rc8 12. Be3 Bc4 13. Qc2 {½-½ (48) Naiditsch,A (2702)-Bartel,M (2613) Germany 2017}) 7... f6 8. f3 Ng5 9. h4 Nf7 10. f4 {LiveBook: 5 Games} c5 11. c3 Nc6 12. Nf3 Bd7 13. a3 $146 ({Better is} 13. Be3 $15) ({Predecessor:} 13. g3) 13... O-O-O (13... Be7 $17) 14. b4 $11 c4 15. a4 {[%cal Ba3a4,Ba4a5][%mdl 32]} h5 16. a5 $36 {[%mdl 2048] White has good play.} Qc7 17. Ng3 Be7 18. Be2 fxe5 19. dxe5 Nfxe5 (19... Rdf8 $11 {keeps the balance.}) 20. fxe5 $16 Nxe5 21. O-O Rdf8 {Strongly threatening ...Nxf3+.} 22. Ng5 Nd3 23. Rxf8+ $1 ({Reject} 23. Nxh5 $6 Nxc1 24. Rxc1 (24. Rxf8+ Rxf8 25. Rxc1 g6 $17) 24... Rxf1+ 25. Qxf1 g6 $11) 23... Rxf8 {[#]} 24. Nf1 $1 ({Stronger than} 24. Nxh5 Nxc1 25. Qxc1 (25. Rxc1 g6 $17) 25... Qe5 $15) 24... Nxc1 25. Rxc1 (25. Qxc1 $142 Qe5 26. Ra2 (26. Bxh5 d4 $16)) 25... Qf4 26. Bf3 (26. Qe1 $16) 26... Qxh4 $15 27. Nh7 {[#]} (27. Nh3 $15) 27... Rf7 $1 $17 {[%mdl 1024] ...Qf4 is the strong threat. Black has strong compensation.} 28. g3 (28. Qc2 $17) 28... Qh3 $19 29. Qe2 g6 30. Qe3 a6 (30... Rxh7 $2 31. Qxa7 Rf7 32. a6 $17) 31. b5 {intending bxa6.} Bxb5 (31... Rxh7 $2 32. bxa6 bxa6 33. Qa7 $17) 32. Ng5 $2 (32. Bg2 Qf5 33. Nd2 Rxh7 34. Rf1) 32... Bxg5 $1 33. Qxg5 Rxf3 34. Qxg6 Qg4 35. Qh6 d4 36. Qh8+ Kd7 37. Qh7+ Kd6 38. Qxb7 Rxg3+ 39. Nxg3 Qxg3+ 40. Kf1 Qf4+ 41. Ke2 d3+ {Precision: White = 33%, Black = 54%.} 0-1